[Event "Goodricke Open"]
[Site "Calcutta IND"]
[Date "2000.02.09"]
[Round "4"]
[White "Goloshchapov,A"]
[Black "Sandipan,C"]
[Result "1/2-1/2"]
[WhiteElo "2561"]
[BlackElo "2424"]

1.e4 c5 2.Nf3 e6 3.d4 cxd4 4.Nxd4 Nc6 5.Nc3 Qc7 6.Be3 a6 7.Bd3 Nf6 8.O-O Be7
9.f4 d6 10.Qf3 O-O 11.Rae1 Nxd4 12.Bxd4 e5 13.Nd5 Nxd5 14.exd5 exd4 15.Qe4 f5
16.Qxe7 Qxe7 17.Rxe7 Rf7 18.Rxf7 Kxf7 19.Rd1 Bd7 20.Bc4 b5 21.Be2 Rc8 22.Rd2 a5
23.Kf2 Rc5 24.Bd1 Rxd5 25.c3 Rc5 26.Rxd4 Ke7 27.Ke3 Bc6 28.g3 Bd7 29.Kd2 Be8
30.Bc2 g6 31.h4 Bd7 32.a3 a4 33.Bd3 d5 34.Ke3 Kd6 35.Be2 Rc8 36.h5 Re8+ 37.Kf2 Rg8
38.hxg6 hxg6 39.Bf1 Bc6 40.Rd1 Rh8 41.Bg2 Rh2 42.Rd4 Rh8 43.Rd2 Rh2 44.Kg1 Rh8
45.Kf1 Re8 46.Kf2 Rh8 47.Ke3 Re8+ 48.Kd4 Re1 49.Bf3 Rg1 50.Rg2 Rf1 51.Be2 Re1
52.Bf3 Rf1 53.Be2 Re1 54.Bd3 Rd1 55.g4 Bd7 56.Ke3 fxg4 57.Bxg6 Rf1 58.Rg3  1/2-1/2

[Event "Petroff Mem Open"]
[Site "St Petersburg RUS"]
[Date "2000.02.10"]
[Round "4"]
[White "Solovjov,S"]
[Black "Grishin,E"]
[Result "1-0"]
[WhiteElo "2449"]
[BlackElo "2309"]

1.e4 c5 2.Nf3 Nc6 3.Nc3 e6 4.d4 cxd4 5.Nxd4 Nf6 6.Ndb5 d6 7.Bf4 e5 8.Nd5 Nxd5
9.exd5 exf4 10.dxc6 bxc6 11.Qf3 d5 12.O-O-O Be7 13.Qc3 cxb5 14.Qxg7 Bf6 15.Bxb5+ Ke7
16.Rhe1+ Be6 17.Rxe6+ Kxe6 18.Re1+ Kd6 19.Qxf7 Rf8 20.Re6+ Kc5 21.Qb7 Rc8
22.c3 Qb6 23.Rxb6 axb6 24.Bd7  1-0

[Event "FSIMA February"]
[Site "Budapest HUN"]
[Date "2000.02.11"]
[Round "7"]
[White "Resika,N"]
[Black "Yu Mingyuan"]
[Result "0-1"]
[WhiteElo "2190"]
[BlackElo "2419"]

1.e4 c5 2.Nf3 e6 3.d4 cxd4 4.Nxd4 Nc6 5.Nc3 Qc7 6.Be3 a6 7.Bd3 Nf6 8.O-O b5
9.Nxc6 dxc6 10.f4 Be7 11.e5 Nd5 12.Nxd5 cxd5 13.Qg4 O-O 14.Rf3 f5 15.Qh5 g6
16.Qh6 Bc5 17.Re1 d4 18.Bf2 Bb7 19.Rh3 Rac8 20.Bh4 Qg7 21.Qxg7+ Kxg7 22.Bf6+ Kg8
23.Bh4 Rf7 24.Bf2 Bd5 25.a3 Rfc7 26.Rd1 Ba7 27.Kf1 Kg7 28.Rd2 h5 29.Bg1 a5
30.Bf2 b4 31.axb4 axb4 32.b3 Bb6 33.Rg3 Ra8 34.Bb5 Ra2 35.Bd3 Bxb3 36.Bxf5 Bc4+
37.Bd3 Bxd3+ 38.Rgxd3 Rcxc2 39.Rxc2 Rxc2 40.Bxd4 Bxd4 41.Rxd4 b3  0-1

[Event "Goodricke Open"]
[Site "Calcutta IND"]
[Date "2000.02.11"]
[Round "6"]
[White "Qin Kanying"]
[Black "Mishra,N"]
[Result "1-0"]
[WhiteElo "2475"]
[BlackElo "2316"]

1.e4 c5 2.Nf3 e6 3.d4 cxd4 4.Nxd4 Nc6 5.Nc3 a6 6.g3 Nge7 7.Nde2 b5 8.Bg2 Bb7
9.O-O Ng6 10.b3 Be7 11.Bb2 O-O 12.f4 d6 13.Kh1 Bf6 14.f5 Nge5 15.Nf4 Bc8
16.Nh5 Bg5 17.f6 Bxf6 18.Rxf6 gxf6 19.Qd2 Kh8 20.Qh6 Rg8 21.Nxf6 Rg7 22.Ne2 Ne7
23.Rd1 N7g6 24.Nf4 Nxf4 25.Bxe5  1-0

[Event "Goodricke Open"]
[Site "Calcutta IND"]
[Date "2000.02.12"]
[Round "7"]
[White "Prasad,D"]
[Black "Satyapragyan,S"]
[Result "1/2-1/2"]
[WhiteElo "2421"]
[BlackElo "2333"]

1.e4 c5 2.Nf3 e6 3.d4 cxd4 4.Nxd4 Nc6 5.Nc3 Qc7 6.Be3 a6 7.Be2 Nf6 8.O-O d6
9.f4 Be7 10.a4 O-O 11.Kh1 Nxd4 12.Qxd4 e5 13.Qd3 b6 14.Bf3 Bb7 15.f5 Rac8
16.Rad1 Nd7 17.Rf2 Qc4 18.Bd2 Qxd3 19.cxd3 Nc5 20.Be3 Bc6 21.Ra1 Nxd3 22.Rd2 Nc5
23.Bxc5 dxc5 24.Be2 Rfd8 25.Rad1 Rd4 26.Bxa6 Rcd8 27.Rd3 Bg5 28.Kg1  1/2-1/2

[Event "8th Valle d'Aosta Open"]
[Site "Saint Vincent ITA"]
[Date "2000.02.12"]
[Round "1"]
[White "Zelcic,R"]
[Black "Parrella,A"]
[Result "1-0"]
[WhiteElo "2529"]
[BlackElo "2178"]

1.e4 c5 2.Nf3 Nc6 3.d4 cxd4 4.Nxd4 e6 5.Nc3 Qc7 6.Be2 a6 7.O-O Nf6 8.Kh1 Nxd4
9.Qxd4 Bc5 10.Qd3 b5 11.f4 h5 12.e5 Ng4 13.Ne4 Bb7 14.Bf3 Bxe4 15.Qxe4 Rd8
16.Bxg4 hxg4 17.f5 g3 18.h3 Qc6 19.Qxc6 dxc6 20.Bg5 Rd7 21.fxe6 fxe6 22.Rf3 Bf2
23.Be3 Rf8 24.Rxf8+ Kxf8 25.Rf1 Rf7 26.Bxf2 Rxf2 27.Kg1 Rf5 28.Rf3 Kf7 29.Rxg3 Rxe5
30.Kf2 a5 31.Rc3 c5 32.Ra3 a4 33.c4 b4 34.Rxa4 Re4 35.b3 Kf6 36.a3 bxa3 37.Rxa3 Ke5
38.Ra7 g5 39.Rg7 Kf6 40.Rc7 Re5 41.g4 Kg6 42.Rb7 Kf6 43.Rb5 Ke7 44.b4 Kd6
45.Rxc5 Re4 46.Kf3 Rd4 47.Rxg5 Rxc4 48.b5 Rc3+ 49.Kg2 Rb3 50.h4 Ke7 51.h5 Kf6
52.Rc5 Kg7 53.g5 Kh7 54.Kf2 Kg7 55.Rc7+ Kg8 56.Rc8+ Kg7 57.h6+ Kg6 58.Rg8+ Kh7
59.Rg7+ Kh8 60.Rb7 Rh3 61.Rc7 Rb3 62.g6 Rxb5 63.Rc8+  1-0

[Event "Petroff Mem Open"]
[Site "St Petersburg RUS"]
[Date "2000.02.12"]
[Round "5"]
[White "Kashtanov,R"]
[Black "Tolstikh,N"]
[Result "1-0"]
[WhiteElo "2325"]
[BlackElo "2419"]

1.e4 c5 2.Nf3 Nc6 3.Nc3 e6 4.d4 cxd4 5.Nxd4 Qc7 6.g3 a6 7.Bg2 Nf6 8.O-O h5
9.Re1 Nxd4 10.Qxd4 Bc5 11.Bf4 d6 12.Qd2 h4 13.e5 hxg3 14.hxg3 dxe5 15.Bxe5 Qe7
16.Rad1 Ng4 17.Ne4 Nxe5 18.Nxc5 Nc6 19.Qd6 Qxd6 20.Rxd6 Ke7 21.Red1 Rd8 22.Rxd8 Nxd8
23.Na4 Rb8 24.Nb6 e5 25.a4 Be6 26.a5 Nc6 27.Bxc6 bxc6 28.b4 e4 29.Rd4 f5
30.Kf1 Rh8 31.Ke2 Rh1 32.Na4 Rc1 33.Kd2 Rf1 34.Ke2 Rc1 35.Rd2 g5 36.Ke3 Rb1
37.c3 Bc4 38.Kd4 Bb5 39.Nc5 Kd6 40.Nb7+ Kc7 41.Nc5 Kd6 42.g4 fxg4 43.Nxe4+ Ke6
44.Nxg5+ Kf5 45.Nf7 Kf4 46.Kc5 Rh1 47.c4 Ba4 48.Rd4+ Kf5 49.Nd6+ Ke6 50.Ne8 Kf5
51.Ng7+ Kg5 52.Ne6+ Kh5 53.Rf4 Rb1 54.Nc7 Kg5 55.Ne6+ Kh5 56.Nd4 Kg5 57.Rf5+ Kg6
58.Rf8 Rc1 59.Rg8+ Kh5 60.f3 Bb5 61.Nxb5 gxf3 62.Nd4 f2 63.Rf8 f1=Q 64.Rxf1 Rxf1
65.Nxc6 Kg6 66.b5 axb5 67.cxb5 Kf7 68.a6 Ke6 69.a7  1-0

[Event "8th Valle d'Aosta Open"]
[Site "Saint Vincent ITA"]
[Date "2000.02.13"]
[Round "2"]
[White "Colovic,A"]
[Black "Razuvaev,Y"]
[Result "1/2-1/2"]
[WhiteElo "2414"]
[BlackElo "2548"]

1.e4 c5 2.Nf3 e6 3.d4 cxd4 4.Nxd4 Nc6 5.Nc3 Qc7 6.Be3 a6 7.Bd3 b5 8.Nxc6 Qxc6
9.O-O Bb7 10.a3 Nf6 11.Re1 Be7 12.Qf3 Qc7 13.Qh3 Rc8 14.Bd4 e5 15.Be3 O-O
16.Bg5 Rfe8 17.Re3 g6 18.Be2 d5 19.Bxf6 Bxf6 20.exd5 Bg7 21.Bf3 Rcd8 22.Rd1 Bc8
23.Qh4 f5 24.Qb4 Bf8 25.Qb3 e4 26.Be2 Bc5 27.Rh3 Qe5 28.Rh4 Kg7 29.g3 Be7
30.Rh3 f4 31.gxf4 Qxf4 32.Rg3 Bh4 33.Qb4 Bxg3 34.hxg3 Qe5 35.a4 bxa4 36.Qxa4 h5
37.Bxa6  1/2-1/2

[Event "Petroff Mem Open"]
[Site "St Petersburg RUS"]
[Date "2000.02.14"]
[Round "7"]
[White "Bezgodov,A"]
[Black "Varavin,V"]
[Result "1-0"]
[WhiteElo "2576"]
[BlackElo "2410"]

1.e4 c5 2.Nf3 e6 3.d4 cxd4 4.Nxd4 Nc6 5.Nc3 Nf6 6.Ndb5 d6 7.Bf4 e5 8.Bg5 a6
9.Na3 b5 10.Bxf6 gxf6 11.Nd5 Bg7 12.Bd3 Ne7 13.Nxe7 Qxe7 14.c4 f5 15.O-O O-O
16.Qf3 Ra7 17.exf5 bxc4 18.Nxc4 d5 19.Qxd5 Rd7 20.Qe4 Rfd8 21.f6 Qxf6 22.Qxh7+ Kf8
23.Be4 Rd4 24.Ne3 Qg5 25.Rac1 Qf4 26.Bd5 e4 27.Rxc8 Rxc8 28.Nf5 Qe5 29.Bxf7 Kxf7
30.Nxd4 Rc5 31.Ne2 Rc2 32.Ng3 Rxb2 33.Nxe4 Rxa2 34.h4 Re2 35.Ng5+ Ke7 36.Nf3 Qf6
37.Rb1 Kf8 38.Qd3 Re8 39.Ng5 Kg8 40.g3 Rc8 41.Re1  1-0

[Event "Petroff Mem Open"]
[Site "St Petersburg RUS"]
[Date "2000.02.16"]
[Round "9"]
[White "Frolov,D"]
[Black "Vorobiov,E"]
[Result "1-0"]
[WhiteElo "2428"]
[BlackElo "2500"]

1.e4 c5 2.Nf3 e6 3.d4 cxd4 4.Nxd4 Nc6 5.Nc3 Qc7 6.Be3 Nf6 7.Bd3 a6 8.O-O Nxd4
9.Bxd4 Bc5 10.Be2 d6 11.Qd3 b5 12.f4 Bb7 13.Bf3 e5 14.Bxc5 Qxc5+ 15.Kh1 O-O
16.Rad1 Rad8 17.Ne2 Rfe8 18.f5 Qb4 19.a3 Qc5 20.Rd2 Rd7 21.Rfd1 d5 22.Qb3 Rc7
23.Ng3 dxe4 24.Bh5 Qc4 25.Qe3 Qc5 26.Qb3 Qc4 27.Qe3 h6 28.Rd6 Kf8 29.Qb6 Nxh5
30.Nxh5 Qc5 31.f6 gxf6 32.Qxc5 Rxc5 33.Nxf6 Rxc2 34.Nxe8 e3 35.Nf6 Rxg2 36.Rd8+ Kg7
37.Rg1  1-0

[Event "It"]
[Site "Ptuj SLO"]
[Date "2000.02.17"]
[Round "7"]
[White "Mohr,G"]
[Black "Kozakov,M"]
[Result "1/2-1/2"]
[WhiteElo "2488"]
[BlackElo "2426"]

1.e4 c5 2.Nf3 Nc6 3.d4 cxd4 4.Nxd4 e6 5.Nc3 Qc7 6.g3 a6 7.Bg2 Nf6 8.O-O Nxd4
9.Qxd4 Bc5 10.Bf4 d6 11.Qd2 h6 12.Rad1 e5 13.Be3 Bg4 14.Bxc5 dxc5 15.f3 Be6
16.f4 O-O 17.Qd6 Qa5 18.Qd2 Rad8 19.Nd5 Qxd2 20.Rxd2 Bxd5 21.exd5 exf4 22.Rxf4 Ne8
23.b4  1/2-1/2

[Event "ch-Serbia"]
[Site "Kragujevac YUG"]
[Date "2000.02.19"]
[Round "1"]
[White "Boskovic,D"]
[Black "Paunovic,D"]
[Result "1/2-1/2"]
[WhiteElo "2332"]
[BlackElo "2465"]

1.e4 c5 2.Nf3 e6 3.d4 cxd4 4.Nxd4 Nc6 5.Nc3 Qc7 6.Be2 a6 7.O-O Nf6 8.Kh1 Be7
9.f4 d6 10.Be3 Bd7 11.Qe1 O-O 12.Qg3 Kh8 13.Rae1 Rae8 14.Nxc6 Bxc6 15.Bd4 b5
16.e5 dxe5 17.Bxe5 Bd6 18.Bxf6 gxf6 19.Qh4 Rg8 20.Qxf6+ Rg7 21.Bf3 Bxf4 22.Bxc6 Qxc6
23.Ne4 Bc7 24.Ng5 Kg8 25.Rd1 Rf8 26.c3 Qc4 27.Rd4 Be5 28.Qxg7+ Bxg7 29.Rxc4 bxc4
30.Nf3 Rb8 31.Rf2 e5 32.g4 e4 33.Nd4 Bxd4 34.cxd4 Rd8 35.Rd2 e3 36.Re2 Rxd4
37.Rxe3 Rxg4 38.Ra3 Rg6 39.Rc3 Rd6 40.Rxc4 Rd1+ 41.Kg2 Rd2+ 42.Kg3 Rxb2 43.Ra4 Rb6
44.Kg4 Kg7 45.h4 Kf6 46.Rc4 Ke5 47.Rc5+ Ke4 48.Rc4+ Kd5 49.Rc7 Ke6 50.Kg5 Rb5+
51.Kh6 Ra5 52.Rc2 Kf5 53.Kxh7 Kg4 54.Rc4+ Kh5 55.Kg7 Rxa2 56.Kxf7 a5 57.Ke6 a4
58.Kd5 Ra1 59.Rc5 Kxh4 60.Ra5  1/2-1/2

[Event "ch-Serbia"]
[Site "Kragujevac YUG"]
[Date "2000.02.19"]
[Round "1"]
[White "Misailovic,N"]
[Black "Vratonjic,S"]
[Result "0-1"]
[WhiteElo "2315"]
[BlackElo "2441"]

1.e4 c5 2.Nf3 e6 3.d4 cxd4 4.Nxd4 Nc6 5.Nc3 Qc7 6.Be2 Nf6 7.O-O Be7 8.Be3 O-O
9.f4 d6 10.Kh1 a6 11.a4 Re8 12.Bf3 Bd7 13.Nb3 b6 14.g4 Bc8 15.g5 Nd7 16.Bg2 Bb7
17.Rf3 Bf8 18.Rh3 g6 19.Qe1 Nb4 20.Qf2 Nc5 21.Bd4 e5 22.Qh4 h6 23.Bxc5 dxc5
24.f5 Qe7 25.Rf1 Qxg5 26.fxg6 fxg6 27.Qf2 Qe7 28.Rf3 Bc6 29.Rf7 Qg5 30.h4 Qg4
31.Kh2 Be7 32.Nd5 Bxd5 33.exd5 Bxh4 34.Qe3 Bg5 35.Qc3 Rf8 36.Rxf8+ Rxf8 37.Rxf8+ Kxf8
38.Qf3+ Qxf3 39.Bxf3 Nxc2 40.a5 Bd8 41.axb6 Bxb6 42.Nd2 Ne3 43.Kg3 Ke7 44.Be4 c4
45.Bxg6 Kd6 46.Bf7 Kc5 47.Ne4+ Kd4 48.Nc3 Nf5+ 49.Kf3 Nd6 50.Be6 Kd3 51.Bh3 Ba5
52.Bf1+ Kd4 53.Nd1 Kxd5 54.Ne3+ Kc5 55.Ng4 Kd4 56.Nxh6 Bd2 57.Ng8 Bc1 58.Ne7 Bxb2  0-1

[Event "Open"]
[Site "Cannes FRA"]
[Date "2000.02.20"]
[Round "1"]
[White "Khalil,V"]
[Black "Jean,O"]
[Result "0-1"]
[WhiteElo "2072"]
[BlackElo "2241"]

1.e4 c5 2.Nf3 e6 3.d4 cxd4 4.Nxd4 Nc6 5.Nc3 Qc7 6.Be3 a6 7.Be2 b5 8.a3 Bb7
9.O-O Rc8 10.Kh1 Nf6 11.Bd3 h5 12.f4 Na5 13.Bg1 Nc4 14.Bxc4 Qxc4 15.Qd3 h4
16.Rae1 b4 17.Nb1 Nxe4 18.Rxe4 Bxe4 19.Qxe4 Qxf1 20.Nd2 Qc1 21.Qb7 Rd8 22.Nc4 Qxf4
23.Ne3 Qxd4 24.Nd5  0-1

[Event "Open"]
[Site "Cannes FRA"]
[Date "2000.02.21"]
[Round "2"]
[White "Milesi,L"]
[Black "Plachkinova,T"]
[Result "0-1"]
[WhiteElo "2147"]
[BlackElo "2071"]

1.e4 c5 2.Nf3 Nc6 3.Nc3 e6 4.d4 cxd4 5.Nxd4 Nf6 6.Be2 d6 7.O-O Be7 8.Be3 O-O
9.f4 Qc7 10.Qe1 a6 11.Qg3 Re8 12.Kh1 Bf8 13.Rae1 Bd7 14.a3 Rac8 15.Bd3 Nxd4
16.Bxd4 e5 17.fxe5 dxe5 18.Be3 Qc6 19.Bg5 Nh5 20.Qh4 g6 21.Be2 h6 22.Be3 Be7
23.Qf2 Qf6 24.Qxf6 Nxf6 25.Bxh6 b5 26.h3 Bc6 27.Bf3 Red8 28.Bg5 Kg7 29.Rd1 a5
30.Rxd8 Bxd8 31.Rd1 b4 32.axb4 axb4 33.Bxf6+ Bxf6 34.Na2 Be7 35.c3 b3 36.Nb4 Bxb4
37.cxb4 Kf8 38.Rc1 Bd7 39.Rc3  0-1

[Event "ch-Serbia"]
[Site "Kragujevac YUG"]
[Date "2000.02.21"]
[Round "3"]
[White "Vujacic,B"]
[Black "Vratonjic,S"]
[Result "1-0"]
[WhiteElo "2358"]
[BlackElo "2441"]

1.e4 c5 2.Nf3 e6 3.d4 cxd4 4.Nxd4 Nc6 5.Nc3 Qc7 6.Be2 Nf6 7.O-O Be7 8.Kh1 O-O
9.f4 d6 10.Be3 a6 11.a4 Re8 12.Bf3 Rb8 13.g4 Nd7 14.g5 Nxd4 15.Bxd4 b6 16.Bg2 Bb7
17.Qh5 g6 18.Qh3 Bf8 19.Rad1 e5 20.Be3 exf4 21.Rxf4 Ne5 22.Rh4 h5 23.gxh6 Kh7
24.Rf4 Bc8 25.Qg3 Be6 26.Bh3 Be7 27.Bd4 Rf8 28.Bxe6 fxe6 29.Bxe5 dxe5 30.Rg1 g5
31.Rf3 Rf4 32.Ne2 Rxf3 33.Qxf3 Rf8 34.Qd3 Rf2 35.Nc3 Qd6 36.Qh3 Qd2 37.Nd1 Rf6
38.Qg2 Qf4 39.Qxg5 Qxe4+ 40.Qg2 Qxg2+ 41.Kxg2 Rg6+ 42.Kf1 Rxh6 43.Rg2 Bc5
44.Nc3 Rh4 45.Ke2 e4 46.Nd1 e3 47.b3 Rh3 48.Kd3 Kh6 49.Rg3 Rxh2 50.Nxe3 Kh5
51.Ng2 Bd6 52.Rg8 Rh3+ 53.Ke4 Rc3 54.Rd8 Bg3 55.Ne3 Kh6 56.Rg8 Bd6 57.Re8 Bc5
58.Rxe6+ Kg7 59.Nc4 Rxc2 60.Kd3 Rg2 61.Nxb6 Rg4 62.a5 Rb4 63.Kc2 Rf4 64.Na4 Bb4
65.Rxa6 Rd4 66.Ra7+ Kf6 67.a6 Rd2+ 68.Kc1 Rd6 69.Rh7 Ke5 70.a7 Ra6 71.Nb6  1-0

[Event "16th open"]
[Site "Cappelle La Grande FRA"]
[Date "2000.02.22"]
[Round "5"]
[White "Thorhallsson,T"]
[Black "Milos,G"]
[Result "0-1"]
[WhiteElo "2489"]
[BlackElo "2620"]

1.e4 c5 2.Nf3 e6 3.d4 cxd4 4.Nxd4 Nc6 5.Nc3 Qc7 6.Be3 a6 7.g3 Nf6 8.Bg2 Bb4
9.O-O Bxc3 10.bxc3 Ne5 11.f4 Nc4 12.Bc1 d6 13.g4 e5 14.Nf5 Bxf5 15.exf5 O-O-O
16.g5 Nd7 17.Rb1 Ndb6 18.Kh1 Rhe8 19.fxe5 dxe5 20.Qe2 Nd5 21.Rb3 e4 22.g6 hxg6
23.fxg6 f6 24.Bd2 Rh8 25.Bxe4 Nxd2 26.Qxd2 Ne3 27.Qe2 Nxf1 28.Qg4+  0-1

[Event "16th open"]
[Site "Cappelle La Grande FRA"]
[Date "2000.02.22"]
[Round "5"]
[White "Szelag,M"]
[Black "Stefansson,H"]
[Result "1-0"]
[WhiteElo "2392"]
[BlackElo "2566"]

1.e4 c5 2.Nf3 Nc6 3.d4 cxd4 4.Nxd4 e6 5.Nc3 Qc7 6.Be2 a6 7.O-O Nf6 8.Be3 Be7
9.f4 d6 10.Kh1 O-O 11.Qe1 Nxd4 12.Bxd4 b5 13.a3 Bb7 14.Qg3 Bc6 15.Rae1 Qb7
16.Bf3 Rad8 17.b4 Kh8 18.Re2 Rg8 19.Rd1 Rc8 20.Rd3 a5 21.Qh3 axb4 22.axb4 Rgd8
23.Qg3 Ra8 24.Re1 Ra3 25.Qh3 Qa8 26.e5 dxe5 27.fxe5 Ne8 28.Bxc6 Qxc6 29.Nxb5 Qxb5
30.Rxa3 Rxd4 31.Ra8 Rxb4 32.Qd3 Qc6 33.Qa6 Rb6 34.Rxe8+ Qxe8 35.Qxb6 Qc8
36.Qb3 g6 37.Qd3 Qc5 38.Qe4 Qc3 39.h3 Bb4 40.Re2 Bc5 41.Qf4 Qa1+ 42.Kh2 Qd1
43.Qf3 Qg1+ 44.Kg3 Kg8 45.Qc3 h5 46.h4 Bb6 47.Rd2 Qc5 48.Qd3 Qg1 49.c4 Kg7
50.Qe4 Bc5 51.Qf4 Be7 52.Rf2  1-0

[Event "Open"]
[Site "Cannes FRA"]
[Date "2000.02.24"]
[Round "5"]
[White "Videkovic,M"]
[Black "Milesi,L"]
[Result "0-1"]
[WhiteElo "2009"]
[BlackElo "2147"]

1.e4 c5 2.Nc3 e6 3.Nf3 Nc6 4.d4 cxd4 5.Nxd4 a6 6.a3 Qc7 7.Be3 Nf6 8.Be2 b5
9.O-O Bb7 10.f3 Rc8 11.Nxc6 Bxc6 12.Qd4 Bd6 13.g3 h5 14.Rad1 Bxg3 15.hxg3 Qxg3+
16.Kh1 Ng4 17.Rf2 e5 18.Qc5 Nxf2+ 19.Bxf2 Qh3+ 20.Kg1 Rh6 21.Be3 Rg6+ 22.Kf2 Qh4+
23.Kf1 Qh1+ 24.Bg1 Qg2+ 25.Ke1 Qxg1+  0-1

[Event "ch-Serbia"]
[Site "Kragujevac YUG"]
[Date "2000.02.24"]
[Round "6"]
[White "Lazic,D"]
[Black "Dodic,D"]
[Result "1/2-1/2"]
[WhiteElo "2286"]
[BlackElo "2194"]

1.e4 c5 2.Nf3 e6 3.d4 cxd4 4.Nxd4 Nc6 5.Nc3 Qc7 6.g3 a6 7.Bg2 Nge7 8.Nb3 d6
9.O-O Ng6 10.f4 Be7 11.a4 O-O 12.Be3 b6  1/2-1/2

[Event "ch-Serbia"]
[Site "Kragujevac YUG"]
[Date "2000.02.24"]
[Round "6"]
[White "Pavlovic,De"]
[Black "Arsovic,Z"]
[Result "1-0"]
[WhiteElo "2301"]
[BlackElo "2444"]

1.e4 c5 2.Nf3 e6 3.d4 cxd4 4.Nxd4 Nc6 5.Nc3 d6 6.Be3 Nf6 7.f3 Be7 8.Qd2 O-O
9.O-O-O a6 10.g4 Nd7 11.h4 Nxd4 12.Bxd4 b5 13.g5 Qa5 14.Kb1 b4 15.Ne2 Bb7
16.Ng3 Rfc8 17.f4 Nc5 18.Bg2 Na4 19.Ka1 Rc4 20.Bf1 Rc7 21.f5 exf5 22.Bd3 Nc5
23.Nxf5 Nxe4 24.Qf4 Bd5 25.b3 Nc3 26.Bxc3 bxc3 27.Rhe1 Bf8 28.Rb1 Rb8 29.Nxd6  1-0

[Event "Open"]
[Site "Cannes FRA"]
[Date "2000.02.25"]
[Round "6"]
[White "Milesi,L"]
[Black "Peyrin,J"]
[Result "1/2-1/2"]
[WhiteElo "2147"]
[BlackElo "2073"]

1.e4 c5 2.Nf3 e6 3.d4 cxd4 4.Nxd4 Nc6 5.Nc3 d6 6.Be2 Be7 7.O-O Nf6 8.Be3 O-O
9.f4 Bd7 10.Qe1 Nxd4 11.Bxd4 Bc6 12.Qg3 g6 13.Qe3 Nd7 14.e5 dxe5 15.fxe5 Qa5
16.Bf3 Bc5 17.Bxc6 bxc6 18.Kh1 Bxd4 19.Qxd4 Nxe5 20.Rae1 f6 21.Qd6 Rae8 22.Ne4 Kg7
23.Nc5 Qxa2 24.b3 Rf7 25.Nxe6+ Kg8 26.Nd8 Rff8 27.Nxc6 Nxc6 28.Rxe8 Rxe8
29.Qxc6 Rf8 30.Qc4+ Kg7 31.Rd1 Rf7 32.h3 Qa5 33.b4 Qe5 34.b5 Rc7 35.Qd3 Qc5
36.c4 Qxc4  1/2-1/2

[Event "ch-Serbia"]
[Site "Kragujevac YUG"]
[Date "2000.02.25"]
[Round "7"]
[White "Andrijevic,M"]
[Black "Paunovic,D"]
[Result "0-1"]
[WhiteElo "2360"]
[BlackElo "2465"]

1.e4 c5 2.Nf3 e6 3.d4 cxd4 4.Nxd4 Nc6 5.Nc3 Qc7 6.Be2 a6 7.O-O Nf6 8.Kh1 Be7
9.f4 d6 10.Be3 O-O 11.Qe1 Nxd4 12.Bxd4 b5 13.a3 Bb7 14.Qg3 Bc6 15.Rae1 Rae8
16.Bf3 Rd8 17.e5 Ne8 18.Ne4 Bxe4 19.Bxe4 g6 20.f5 exf5 21.Bxf5 dxe5 22.Bxe5 Bd6
23.Bd3 Ng7 24.Bxd6 Qxd6 25.Qxd6 Rxd6 26.Re7 f5 27.Rfe1 Rf7 28.g3 Kf8 29.Rxf7+ Kxf7
30.Kg2 Ne6 31.b4 Nd4 32.c4 Nf3 33.Kxf3 Rxd3+ 34.Re3 Rd2 35.cxb5 axb5 36.Re5 Rd3+
37.Kf4 Kf6 38.Re3 g5+ 39.Kf3 Rxe3+ 40.Kxe3 Ke5 41.Kf3 Kd4  0-1

[Event "Estonian Club Cup 1st leg"]
[Site "Tallinn EST"]
[Date "2000.02.25"]
[Round "?"]
[White "Lehiste,M"]
[Black "Leito,P"]
[Result "1/2-1/2"]
[WhiteElo "2247"]
[BlackElo "2377"]

1.e4 c5 2.Nf3 e6 3.d4 cxd4 4.Nxd4 Nc6 5.Nc3 d6 6.Be3 Nf6 7.Qd2 a6 8.f3 Qc7
9.g4 b5 10.Nxc6 Qxc6 11.O-O-O Bb7 12.Bg2 Rc8 13.g5 Nd7 14.f4 b4 15.Ne2 Nc5
16.Bxc5 Qxc5 17.Nd4 Be7 18.h4 O-O 19.f5 Rfe8 20.fxe6 f6 21.Nf5 fxg5 22.Nxe7+ Rxe7
23.hxg5 Rcc7 24.Rhf1 Rxe6 25.Rf2 Re8  1/2-1/2

[Event "Open"]
[Site "Cannes FRA"]
[Date "2000.02.26"]
[Round "7"]
[White "Lamorelle,J"]
[Black "Bujisho,B"]
[Result "0-1"]
[WhiteElo "2192"]
[BlackElo "2299"]

1.e4 c5 2.Nf3 e6 3.d4 cxd4 4.Nxd4 Nc6 5.Nc3 Qc7 6.Be3 a6 7.a3 Nf6 8.Nb3 b5
9.Bd3 Bb7 10.O-O Ne5 11.Bd4 Nc4 12.Qe2 e5 13.Nd5 Nxd5 14.exd5 Be7 15.Rae1 d6
16.Bc3 Bxd5 17.f4 f6 18.Kh1 g6 19.Nc1 Rc8 20.a4 bxa4 21.Na2 O-O 22.f5 g5
23.Nb4 Bb7 24.Be4 Nb6 25.Rd1 a3 26.h4 h6 27.hxg5 hxg5 28.Rf3 Kg7 29.Rh3 Rh8
30.Rd3 a5 31.Nd5 Nxd5 32.Bxd5 Bxd5 33.Rxd5 a2 34.Qd1 Rxh3+ 35.gxh3 Qc6 36.Kh2 a1=Q  0-1

[Event "NED-chT"]
[Site "Hengelo NED"]
[Date "2000.02.26"]
[Round "3"]
[White "Hendriks,W"]
[Black "Van der Werf,M"]
[Result "1/2-1/2"]
[WhiteElo "2373"]
[BlackElo "2432"]

1.e4 c5 2.Nf3 e6 3.d4 cxd4 4.Nxd4 Nc6 5.Nc3 Qc7 6.f4 a6 7.Nxc6 Qxc6 8.Bd3 b5
9.Qe2 Bb7 10.Bd2 Nf6 11.e5 b4 12.exf6 bxc3 13.Bxc3 gxf6 14.O-O-O Rg8 15.g3 Rc8
16.Rhe1 Qa4 17.Kb1 Bd5 18.b3 Qc6 19.Bxf6 Bf3 20.Qe5 Bxd1 21.Rxd1 Qf3 22.Be2 Qc6
23.Bd3 Qf3 24.Rf1 Qb7 25.Qe2 Qc7 26.Bxh7 Bg7 27.Bxg7 Rxg7 28.Bd3 a5 29.a4 Qc3
30.f5 Rg8 31.fxe6 dxe6 32.Qf3 Rg7 33.Qe3 Qc5 34.Qh6 Qg5 35.Qh8+ Rg8 36.Qd4 Qc5
37.Qf6 Qe7 38.Bb5+ Kf8 39.Qh6+ Rg7 40.Qh8+ Rg8 41.Qh6+ Rg7 42.Bd3 Kg8 43.Rf4 Re8
44.Rh4 f5 45.Bc4 Kf7 46.Qh5+ Kf6 47.Qh6+ Kf7 48.Qh5+ Kf6 49.Qf3 Kg6 50.Rd4 Qf6
51.Qd3 Kf7 52.Qd2 Qe5 53.Ka2 Rg6 54.Rd7+ Re7 55.Rd8 Rg8 56.Rd3 Rg4 57.Qh6 Qg7
58.Qh5+ Kf6 59.Rd6 Re4 60.Bd3 Re5 61.Qh4+ Kf7 62.Rd8 Re1 63.Qh5+ Kf6 64.Qh4+ Kf7
65.Qh5+ Kf6 66.Qh4+ Kg6 67.Qg4+ Kf7 68.Qh5+  1/2-1/2

[Event "NED-chT"]
[Site "Hengelo NED"]
[Date "2000.02.26"]
[Round "3"]
[White "Reinderman,D"]
[Black "Wiersma,E"]
[Result "1/2-1/2"]
[WhiteElo "2561"]
[BlackElo "2387"]

1.e4 c5 2.Nf3 e6 3.Nc3 Nc6 4.d4 cxd4 5.Nxd4 Nf6 6.Ndb5 d6 7.Bf4 e5 8.Bg5 a6
9.Na3 b5 10.Bxf6 gxf6 11.Nd5 f5 12.Bd3 Be6 13.O-O Bxd5 14.exd5 Ne7 15.c3 Bg7
16.Qh5 e4 17.Bc2 Qc8 18.Rae1 O-O 19.Kh1 Re8 20.f3 b4 21.Nb1 bxc3 22.Nxc3 Ng6
23.fxe4 Bxc3 24.bxc3 Qxc3 25.Rc1 f4 26.Ba4 Qe5 27.Qxe5 Rxe5 28.Rc4 Rb8 29.Bb3 a5
30.Ra4 Rb5 31.Kg1 Rc5 32.Kf2 Kg7 33.Rb1 Kf6 34.Bd1 Rg5 35.Rb6 Rc1 36.Rd4 Ke5
37.Rd2 f5 38.exf5 Nh4 39.g4 fxg3+ 40.hxg3 Rxf5+ 41.Ke3 Rf1 42.gxh4 Rcxd1
43.Rxd1 Rxd1 44.Rb7  1/2-1/2

[Event "ch-Serbia"]
[Site "Kragujevac YUG"]
[Date "2000.02.27"]
[Round "9"]
[White "Stojanovic,Da"]
[Black "Vratonjic,S"]
[Result "1/2-1/2"]
[WhiteElo "2249"]
[BlackElo "2441"]

1.e4 c5 2.Nf3 e6 3.d4 cxd4 4.Nxd4 Nc6 5.Nc3 Qc7 6.Be2 Nf6 7.O-O Be7 8.Kh1 O-O
9.f4 d6 10.Be3 a6 11.Qe1 Nxd4 12.Bxd4 b5 13.a3 Bb7 14.Qg3 Bc6 15.Rae1 Rae8
16.Bf3 Rd8 17.Nd1 d5 18.e5 Ne4 19.Qh3 f5 20.exf6 Bxf6 21.Bxe4 dxe4 22.Qxe6+ Kh8
23.Be5 Bxe5 24.Qxe5 Qxe5 25.fxe5 Rfe8 26.Ne3 Rxe5 27.Rd1 Rc8 28.Rd6 h6 29.Rf7 a5
30.Ra7 b4 31.axb4 axb4 32.Rg6 Rg5 33.Rxg5 hxg5 34.Ra5 b3 35.cxb3 Rb8 36.Rc5 Rxb3
37.Rxc6 Rxe3 38.h3 Rb3 39.Rc4 e3 40.Rc2 Kh7 41.Kh2 Kg6 42.Kg3 Kf5 43.Kf3 Ke5
44.Rc3 Rxb2 45.Rxe3+ Kf5 46.Ra3  1/2-1/2

[Event "ch-YUG (women) qualifier"]
[Site "Kragujevac YUG"]
[Date "2000.02.27"]
[Round "9"]
[White "Stankovic,M"]
[Black "Todorovic,V"]
[Result "0-1"]
[WhiteElo "2207"]
[BlackElo "2151"]

1.e4 c5 2.Nf3 e6 3.d4 cxd4 4.Nxd4 Nc6 5.Nc3 d6 6.Be3 Nf6 7.f3 Be7 8.Qd2 O-O
9.O-O-O d5 10.Be2 Qa5 11.Nb3 Qc7 12.exd5 Nxd5 13.Nxd5 exd5 14.Kb1 a5 15.Qxd5 Be6
16.Qb5 Nb4 17.c4 a4 18.Bb6 axb3 19.Qxb4 Qe5 20.Qd2 Bg5 21.Qe1 Rxa2  0-1

[Event "3rd Open"]
[Site "Malaga ESP"]
[Date "2000.02.28"]
[Round "4"]
[White "Moreno,J"]
[Black "Teran Alvarez,I"]
[Result "1/2-1/2"]
[WhiteElo "2506"]
[BlackElo "2401"]

1.e4 c5 2.Nf3 e6 3.d4 cxd4 4.Nxd4 Nc6 5.Nc3 Qc7 6.Be3 a6 7.Bd3 Nf6 8.O-O Ne5
9.h3 Bc5 10.Kh1 d6 11.f4 Nxd3 12.cxd3 b5 13.Qe1 O-O 14.Rc1 Qa7 15.Qf2 e5
16.Nc2 Bxe3 17.Nxe3 exf4 18.Qxf4 Be6 19.Ncd5 Bxd5 20.Nxd5 Nxd5 21.exd5 Rac8
22.Rc6 Rxc6 23.dxc6 Qe7 24.Rc1 Qe5 25.Qf2 g6 26.c7 Rc8 27.Qh4 Kg7 28.Qd8 Qe6
29.d4 d5 30.Rf1 h6 31.b4 g5 32.Rf3 Kg6 33.Kh2 Kg7 34.h4 Kg6 35.hxg5 hxg5
36.Rh3 Qg4 37.Qd6+ f6 38.Qxd5 Qf4+ 39.Kg1 Qc1+ 40.Kf2 Qd2+ 41.Kg1 Qc1+ 42.Kf2 Qd2+  1/2-1/2

[Event "Varsity Match"]
[Site "London ENG"]
[Date "2000.03.04"]
[Round "1"]
[White "Hunt,H"]
[Black "Sheldon,R"]
[Result "1/2-1/2"]
[WhiteElo "2448"]
[BlackElo "2281"]

1.e4 c5 2.Nf3 e6 3.d4 cxd4 4.Nxd4 Nc6 5.Nc3 Qc7 6.Be2 a6 7.O-O Nf6 8.Kh1 Nxd4
9.Qxd4 Bc5 10.Qd3 b5 11.f4 Bb7 12.Bf3 h5 13.Bd2 Ng4 14.Qe2 g5 15.e5 gxf4
16.Bxb7 Qxb7 17.Bxf4 Rc8 18.Rad1 Be7 19.Rf3 Qc6 20.Qd3 Rc7 21.Rd2 Qc4 22.h3 b4
23.Ne4 Qxd3 24.Rfxd3 Nh6 25.Nd6+ Bxd6 26.Rxd6 Nf5 27.Rxa6 O-O 28.b3 Ne7 29.Rad6 Nd5
30.R6xd5 exd5 31.e6 Ra7 32.e7 Re8 33.Bd6 f6 34.Rxd5 Rxa2 35.Rd2 Kf7 36.Bxb4 Rb8
37.Bc5 Rc8 38.b4 Rc7 39.Rd5 Rxc2 40.Rxh5 Rc1+ 41.Kh2 Re1 42.Kg3 Re6 43.Rh8 Rxc5
44.bxc5 Kxe7 45.Kf4 Re5 46.Rc8 Rh5 47.Ke4 Re5+ 48.Kf3 Rh5 49.Kf4 Kf7 50.Kg4 Rg5+
51.Kf3 Rh5 52.Kg3 Rg5+ 53.Kh2 Rd5 54.h4 Rd4 55.Kh3 Rc4 56.g3 Kg6 57.Rc7 Kh6
58.Kg2 Rc3 59.Kf2 Kg6 60.Rc8 Kf5 61.Kg2 Kg4 62.Rg8+ Kh5 63.Rg7 Rxc5 64.Rxd7 Rc3
65.Rd4 Ra3 66.Rf4 Kg6 67.Kh3 Rb3 68.Kg4 Rb5 69.h5+ Kg7 70.Kh4 Ra5 71.Rg4+ Kf7
72.h6 f5 73.Rb4 Kg6 74.Rb6+ Kh7 75.Kg5 Ra3 76.Rb7+ Kh8 77.Kf4 Ra6 78.h7 Ra3
79.Rf7 Ra7 80.Rxf5 Kxh7  1/2-1/2